000 00486nam a22001937a 4500
003 MPLRDC
005 20220104154301.0
008 210129b ||||| |||| 00| 0 eng d
020 _a957-99032-3-9
082 _a496.5 STM
100 _a时台明、刘永基合著
245 _a传销胜经
_c
250 _a初版
260 _a台湾
_b成智出版社
_c1996
300 _b
490 _a成功行销系列. 5
650 _a推销策略; 贩卖术
942 _cBK
_o496.5 STM
999 _c53901
_d53891